La Enseñanza industrial en el extrangero y su organización : [memoria] / Juan Matabosch Bassols... [memoria] / Juan Matabosch Bassols...
Descripción Física:
40 f. ; 25 cm
Materias:
Ensenyament tècnic
MARC
| LEADER | 00000nam a2200000Ia 4500 | ||
|---|---|---|---|
| 001 | |||
| 008 | 160829s1908 xx 000 0 cat d | ||
| 080 | |a 2283, exp. 3 | ||
| 100 | |a Matabosch Bassols, Juan |9 48234 | ||
| 245 | |a La Enseñanza industrial en el extrangero y su organización : |b [memoria] / Juan Matabosch Bassols... | ||
| 260 | |a Barcelona : |b [s.n.], |c 1908 | ||
| 300 | |a 40 f. ; |c 25 cm | ||
| 590 | |a Exemplar manuscrit i signat per l'autor | ||
| 650 | |a Ensenyament tècnic |9 26880 | ||
| 901 | |a Arxiu | ||
| 942 | |n 1 | ||
| 952 | |0 0 |1 0 |4 0 |6 2283_EXP_3 |7 1 |9 54412 |a Arxiu |b Arxiu |d 2016-12-01 |l 0 |o 2283, exp. 3 |r 2016-12-01 00:00:00 |w 2016-12-01 |y ARXIU | ||
| 999 | |c 58281 |d 58281 | ||